000 00493nam a2200181Ia 4500
008 230917s9999||||xx |||||||||||||| ||und||
020 _cRS585
040 _e231494
_aMAIN
041 _aEnglish
082 _a005.8 K12C(3)
100 _aKahate, Atul
245 0 _aCryptography and network security
250 _a3rd ed.
260 _aNew Delhi
_bMcGraw Hill Education (India)
_c2014
300 _axxii, 501 p.
500 _a2269 01/02/2016 HBD15/1721 01/03/2016 Main Budget
942 _cBK
999 _c17868
_d17868